Top 500 Atp - Statistiques

Statistiques générales
  • Ce quiz a été pris 141 fois
  • Le résultat moyen est 80 sur 500
Statistiques - réponses
Réponse % Correct
Alcaraz
96%
Djokovic
94%
Sinner
94%
Medvedev
90%
Fils
88%
Monfils
88%
Zverev
88%
Humbert
79%
Rune
75%
Ruud
75%
Shelton
75%
Tsitsipas
75%
Fritz
73%
Rublev
73%
Tiafoe
69%
Musetti
67%
Draper
65%
Wawrinka
65%
De Minaur
63%
Bu
60%
Mpetshi Perricard
60%
Paul
60%
Cerundolo
58%
Cilic
58%
Davidovich Fokina
58%
Gasquet
58%
Muller
58%
Auger-Aliassime
56%
Berretini
56%
Moutet
56%
Nishikori
56%
Rinderknech
56%
Shapovalov
56%
Coric
54%
Dimitrov
54%
Khachanov
54%
Bublik
52%
Fonseca
52%
Gaston
52%
Hurkacz
52%
Arnaldi
50%
Bautista Agut
50%
Carreno Busta
50%
Goffin
50%
Mensik
50%
Baez
48%
Cobolli
48%
Korda
48%
Lehecka
48%
Mannarino
48%
Nishioka
48%
Norrie
48%
Zhang
46%
Altmaier
44%
Bonzi
44%
Borg
44%
Cazaux
44%
Atmane
42%
Bergs
42%
Borges
42%
Darderi
42%
Etcheverry
42%
Machac
42%
Martin
42%
Popyrin
42%
Struff
42%
Tien
42%
Diallo
40%
Griekspoor
40%
Jarry
40%
Nakashima
40%
Munar
38%
Sonego
38%
Tabilo
38%
Safiullin
35%
Thompson
35%
Comesana
33%
Fearnley
33%
Lajovic
33%
Marozsan
33%
Martinez
33%
Navone
33%
Van Assche
33%
Van de Zandschulp
33%
Daniel
31%
Fognini
31%
Giron
31%
Halys
31%
Michelsen
31%
Opelka
31%
Pouille
31%
Shin
31%
Harris
29%
Herbert
29%
Smith
29%
Collignon
27%
Djere
27%
Karatsev
27%
Kokkinakis
27%
Medjedovic
27%
Monteiro
27%
Nardi
27%
Ugo Carabelli
27%
Brooksby
25%
Carballes Baena
25%
De Jong
25%
Dzumhur
25%
Evans
25%
Fucsovics
25%
Kecmanovic
25%
Lestienne
25%
Ofner
25%
Royer
25%
Seyboth Wild
25%
Shang
25%
Shevchenko
25%
Vacherot
25%
Vukic
25%
Walton
25%
Ymer
25%
Coria
23%
Eubanks
23%
Garin
23%
Hanfmann
23%
Kotov
23%
Landaluce
23%
McDonald
23%
O'Connell
23%
Quinn
23%
Wu
23%
Basavareddy
21%
Bellucci
21%
Dellien
21%
Duckworth
21%
Galan
21%
Gojo
21%
Hijikata
21%
Nagal
21%
Raonic
21%
Barrere
19%
Diaz Acosta
19%
Droguet
19%
Kopriva
19%
Kovacevic
19%
Majchrzak
19%
Mayo
19%
Purcell
19%
Tseng
19%
Blanchet
17%
Faria
17%
Grenier
17%
Jacquet
17%
Lajal
17%
Mayot
17%
Moller
17%
Nava
17%
Virtanen
17%
Barrios Vera
15%
Bouquier
15%
Burruchaga
15%
Galarneau
15%
Holt
15%
Koepfer
15%
Kukushkin
15%
Mochizuki
15%
Passaro
15%
Schoolkate
15%
Spizzirri
15%
Albot
13%
Basilashvili
13%
Bolt
13%
Gomez
13%
Gueymard Wayenburg
13%
Hemery
13%
Misolic
13%
Ramos-Vinolas
13%
Rocha
13%
Ruusuvuori
13%
Schwartzman
13%
Tu
13%
Blancaneaux
10%
Buse
10%
Coulibaly
10%
Debru
10%
Gaubas
10%
Holmgren
10%
Johns
10%
Jones
10%
Kubler
10%
Svrcina
10%
Tabur
10%
Varillas
10%
Vavassori
10%
Wolf
10%
Berankis
8%
Blockx
8%
Cassone
8%
Cecchinato
8%
Chidekh
8%
Cina
8%
Coppejans
8%
Draxl
8%
Engel
8%
Erhard
8%
Escoffier
8%
Gea
8%
Gigante
8%
Heide
8%
Hsu
8%
Kym
8%
Marterer
8%
Martineau
8%
Neumayer
8%
Pacheco Mendez
8%
Pavlovic
8%
Pellegrino
8%
Piros
8%
Popko
8%
Rodionov
8%
Sharipov
8%
Taberner
8%
Tirante
8%
Wong
8%
Andrade
6%
Bai
6%
Boyer
6%
Cachin
6%
Chung
6%
Den Ouden
6%
Dougaz
6%
Durasovic
6%
Elias
6%
Fatic
6%
Fery
6%
Ficovich
6%
Gerasimov
6%
Habib
6%
Hardt
6%
Hassan
6%
Houkes
6%
Huesler
6%
Janvier
6%
Jassika
6%
Jianu
6%
Jubb
6%
Kasnikowski
6%
Kirkin
6%
Klein
6%
Krueger
6%
Kuzmanov
6%
Lock
6%
Lokoli
6%
McCabe
6%
Mejia
6%
Meligeni Alves
6%
Novak
6%
Onclin
6%
Pereira
6%
Prizmic
6%
Rincon
6%
Ritschard
6%
Rodesch
6%
Samrej
6%
Shelbayh
6%
Simakin
6%
Skatov
6%
Soto
6%
Stricker
6%
Sultanov
6%
Sun
6%
Svajda
6%
Tomic
6%
Trungelliti
6%
Uchiyama
6%
Yevseyev
6%
Zapata Miralles
6%
Zeppieri
6%
Zhukayev
6%
Added
4%
Adjukovic
4%
Aguilar
4%
Andreev
4%
Arnaboldi
4%
Barton
4%
Bertola
4%
Bertran
4%
Broom
4%
Brunold
4%
Bueno
4%
Butvilas
4%
Choinski
4%
Cid Subervi
4%
Clarke
4%
Collarini
4%
Couacaud
4%
Crawford
4%
Dellavedova
4%
De Loore
4%
Fomin
4%
Gengel
4%
Gombos
4%
Gray
4%
Guinard
4%
Hong
4%
Ionel
4%
Kachmazov
4%
Klizan
4%
Kolar
4%
Kovalik
4%
Kozlov
4%
Kypson
4%
Loffhagen
4%
Mager
4%
Masur
4%
Mena
4%
Meza
4%
Moreno de Alboran
4%
Moro Canas
4%
Noguchi
4%
Olivieri
4%
Ovcharenko
4%
Paris
4%
Peniston
4%
Perez
4%
Poljicak
4%
Polmans
4%
Pucinelli De Almeida
4%
Purtseladze
4%
Rehberg
4%
Riedi
4%
Roncadelli
4%
Sachko
4%
Sakamoto
4%
Sakellaridis
4%
Sanchez Jover
4%
Sels
4%
Shimabukuro
4%
Silva
4%
Squire
4%
Strombachs
4%
Taverna
4%
Tiffon
4%
Vallejo
4%
Vatutin
4%
Vesely
4%
Watanuki
4%
Zhou
4%
Aboian
2%
Agafonov
2%
Agamenone
2%
Alves
2%
Andaloro
2%
Angelo
2%
Araujo
2%
Artnak
2%
Bax
2%
Boitan
2%
Brancaccio
2%
Brouwer
2%
Budkov Kjaer
2%
Chazal
2%
Cosano
2%
Cressy
2%
Cretu
2%
Cui
2%
Dedura-Palomero
2%
Denolly
2%
Dias
2%
Dodig
2%
Dostanic
2%
Dutra Da Silva
2%
Echargui
2%
Ellis
2%
Escobedo
2%
Gakhov
2%
Geerts
2%
Giustino
2%
Glinka
2%
Gulin
2%
Henning
2%
Hussey
2%
Kicker
2%
Kodat
2%
Kuhn
2%
Langmo
2%
Lavallen
2%
Maestrelli
2%
Marmousez
2%
McHugh
2%
Michalski
2%
Midon
2%
Mikrut
2%
Mmoh
2%
Molleker
2%
Monday
2%
Moriya
2%
Mott
2%
Nanda
2%
Napolitano
2%
Nesterov
2%
Neuchrist
2%
Nijboer
2%
Oberleitner
2%
Olivo
2%
Parker
2%
Pinnington Jones
2%
Pokorny
2%
Poullain
2%
Reis Da Silva
2%
Rybakov
2%
Sanchez-Izquierdo
2%
Sasikumar
2%
Searle
2%
Seggerman
2%
Sekulic
2%
Sell
2%
Shah
2%
Shimizu
2%
Takahashi
2%
Te
2%
Tiurnev
2%
Topo
2%
Torres
2%
Travaglia
2%
Trotter
2%
Uchida
2%
Ursu
2%
Van Wyk
2%
Villanueva
2%
Vincent Ruggeri
2%
Wiskandt
2%
Zink
2%
Ambrogi
0%
Bagnis
0%
Bakshi
0%
Bar Biryukov
0%
Barrera
0%
Bertrand
0%
Bielinskyi
0%
Blinda
0%
Bouzige
0%
Braswell
0%
Cadenasso
0%
Campana Lee
0%
Colson
0%
Compagnucci
0%
Dalla Valle
0%
Damas
0%
De Krom
0%
Delaney
0%
Farjat
0%
Fonio
0%
Gentzsch
0%
Gurri
0%
Iannaccone
0%
Ilagan
0%
Imamura
0%
Isomura
0%
Justo
0%
Karlovskiy
0%
Karol
0%
Kestelboim
0%
Kopp
0%
Krumich
0%
Krutykh
0%
Kumasaka
0%
Maloney
0%
Matusevich
0%
Moeller
0%
Montagud
0%
Montes De La Torre
0%
Nakagawa
0%
Negritu
0%
Oliveira
0%
Pecci
0%
Pennaforti
0%
Picchione
0%
Piraino
0%
Popovic
0%
Prihodko
0%
Pujorlas
0%
Rai
0%
Roca Batalla
0%
Rosenkranz
0%
Schwaezler
0%
Tudorica
0%
Varona
0%
Vrbensky
0%
Weis
0%
Zahraj
0%
Zakharov
0%
Aucun quiz correspondant
Distribution des résultats
% des personnes avec chaque résultat
Percentile par nombre de réponses
Votre historique - résultats
Vous n’avez pas pris ce quiz